书目信息 |
| 题名: |
高速公路
|
|
| 作者: | ;武汉大学出版社 编制 | |
| 分册: | ||
| 出版信息: | 武大 2008.01 |
|
| 页数: | 363页 | |
| 开本: | 30m | |
| 丛书名: | ||
| 单 册: | ||
| 中图分类: | K992.9 | |
| 科图分类: | ||
| 主题词: | 地图 | |
| 电子资源: | ||
| ISBN: | 978-7-307-05216-1 | |
| 000 | 00761nam0 2200241 45 | |
| 001 | 0940365704 | |
| 005 | 20091019150156.14 | |
| 010 | @a978-7-307-05216-1@dCNY58.00 | |
| 100 | @a20090515d2008 ekmy0 y0120 ea | |
| 102 | @aCN@b130000 | |
| 102 | @aCN@b420000 | |
| 105 | @ay z 000yy | |
| 200 | 1 | @a高速公路@Agao su gong lu@e中国商务交通旅游地图册@f武汉大学出版社编制@Fwu han da xue chu ban she bian zhi |
| 210 | @c武大@d2008.01 | |
| 210 | @a武汉@c武汉大学出版社 | |
| 215 | @a363页@d30m | |
| 517 | 1 | @a中国商务交通旅游地图册@Azhong guo shang wu jiao tong lu you di tu ce |
| 606 | 0 | @a地图 |
| 690 | @aK992.9@v4 | |
| 711 | 02 | @a武汉大学出版社@Awu han da xue chu ban she@4编制 |
| 801 | 0 | @aCN@c20091019 |
| 905 | @a10447@dK992.9@eZ637 | |
| 906 | @d58@n3@r1 | |
| 高速公路:中国商务交通旅游地图册/武汉大学出版社编制.-武大,2008.01.-武汉:武汉大学出版社 |
| 363页;30m |
| ISBN 978-7-307-05216-1:CNY58.00 |
| ● |
| 相关链接 |
|
|
|
正题名:高速公路
索取号:K992.9/Z637
 
预约/预借
| 序号 | 登录号 | 条形码 | 馆藏地/架位号 | 状态 | 备注 |
| 1 | 892185 | 208921853 | 社科库309/309社科库 30排4列2层/ [索取号:K992.9/Z637] | 在馆 | |
| 2 | 892186 | 208921862 | 社科库309/ [索取号:K992.9/Z637] | 在馆 | |
| 3 | 892187 | 208921871 | 社科库309/ [索取号:K992.9/Z637] | 在馆 |